| 000 | 01213nam a2200193Ia 4500 | ||
|---|---|---|---|
| 999 |
_c9779 _d9779 |
||
| 005 | 20231013104308.0 | ||
| 008 | 231013s9999 xx 000 0 und d | ||
| 040 |
_aUPAN _cBiblioteca San Vicente _eRCAA2 |
||
| 041 | _aspa | ||
| 082 |
_a342 _bC678s _c2006 |
||
| 110 |
_aCorte Suprema de Justicia _4aut. |
||
| 245 | 0 |
_a16 Sentencias Representativas de la Sala de lo Constitucional/ _cCorte Suprema de Justicia |
|
| 250 | _a1º ed. | ||
| 260 |
_aEl Salvador: _bCorte Suprema de Justicia, _c2006 |
||
| 300 |
_a780 p.; _c24 cm. |
||
| 505 | _aReunidos en un solo vòlumen, ponemos a la disposiciòn de todos ellos estas diecisèis sentencias necesariamente polèmicas en su contenido, que, con buen viento, circuularàn entre sus lectores para que, en un diàlogo tàcito entre los fucnionarios judiciales que las suscribieron y la comunidad jurìdica, signado por la perspectiva del tiempo y por el severo ojo avizor de la sociedad, surja el juicio cientifico, critico e històrico que califique la actuaciòn de aquellos y aquilate la jurisprudencia constitucional en un perìodo de seis años que abarca momentos cruciales de la historia nacional. | ||
| 650 |
_2LEMB _xSentencias _zEl Salvador |
||
| 942 |
_cBK _2ddc |
||